00381nam a2200121Ia 4500008004100000082002600041100002800067245004400095260004000139300001000179630001800189650005200207211109s9999||||xx |||||||||||||| ||und|| a894.812 133 07bAYM-I aAymanam, Krishna Kaimal 0aIraimmenthampiyude Attakathakal (study) bNational Book StallaKottayamc1981 a117p. xGeneral Stack aMalayalam LiteraturevMalayalam PoetryMalayalam